Trouvez les pays – première et dernière lettre identiques - Statistiques

Statistiques générales
  • Ce quiz a été pris 52 fois
  • Le résultat moyen est 5 sur 10
Statistiques - réponses
Réponse % Correct
Espagne
85%
Érythrée
76%
Angola
68%
Estonie
61%
Égypte
59%
Éthiopie
49%
Antigua-et-Barbuda
41%
Seychelles
29%
Saint-Vincent-et-les-Grenadines
20%
Saint-Christophe-et-Niévès
17%
Aucun quiz correspondant
Distribution des résultats
% des personnes avec chaque résultat
Percentile par nombre de réponses
Votre historique - résultats
Vous n’avez pas pris ce quiz